000 02412nam a22003617a 4500
001 102906
003 KnowledgeUnlatched
005 20210303105226.0
006 m o d
007 cr u||||||||||
008 210129p20162019mau o u00| u eng d
037 _5BiblioBoard
245 0 0 _aDostoevsky beyond Dostoevsky
_bScience, Religion, Philosophy /
_cSvetlana Evdokimova, Vladimir Golstein.
020 _a9781644690291
029 1 _ahttps://library.biblioboard.com/ext/api/media/1c9f6d75-a7ba-4936-858c-a90cff75f81d/assets/thumbnail.jpg
040 _aScCtBLL
_cScCtBLL
506 0 _aAccess copy available to the general public.
_fUnrestricted
_2star
700 1 _aEvdokimova, Svetlana
_eeditor.
700 1 _aGolstein, Vladimir
_eeditor.
264 1 _bAcademic Studies Press,
300 _a1 online resource (426 p.)
520 _aDostoevsky beyond Dostoevsky is a collection of essays with a broad interdisciplinary focus. It includes contributions by leading Dostoevsky scholars, social scientists, scholars of religion and philosophy. The volume considers aesthetics, philosophy, theology, and science of the 19th century Russia and the West that might have informed Dostoevsky's thought and art. Issues such as evolutionary theory and literature, science and society, scientific and theological components of comparative intellectual history, and aesthetic debates of the nineteenth century Russia form the core of the intellectual framework of this book. Dostoevsky's oeuvre with its wide-ranging interests and engagement with philosophical, religious, political, economic, and scientific discourses of his time emerges as a particularly important case for the study of cross-fertilization among disciplines.
588 0 _aDescription based on print version record.
590 _aKU Select 2018: HSS Backlist Books
650 7 _aLiterary Criticism / Russian & Former Soviet Union
_2bisacsh
650 0 _aLiterature
_xHistory and criticism
655 0 _aElectronic books.
758 _iIs found in:
_aKnowledge Unlatched
_1https://openresearchlibrary.org/module/2774bc74-146a-484f-a7ba-ab1d6a09bbfb
856 4 0 _uhttps://openresearchlibrary.org/content/1c9f6d75-a7ba-4936-858c-a90cff75f81d
_zView this content on Open Research Library.
_70
999 _c33941
_d33941